00700nam a2200241 a 4500001001300000003000900013005001700022008004100039020001100080082001500091100001900106245004600125260004600171300000800217500003500225505001700260650002300277700001900300902000800319942000700327952011100334999001300445nice12345678IN_TiNIC20260116011320.0050524s1967 puna grp 000 0 eng  ac2.2500a230.1bDAV aDavey, Cyril J aYellow Robeb Story of Sadhu Sunder Singh aPunjabbChristian Literature Centrec1967 a95p aincludes index and biblioraphy2 aBIBLIOGRAPHY aSadhu Sunder Singh1 aDavey, Cyril J bSRS cBK 001040708StackRoom-aHMIbHMId2007-06-14g2.25l0o230.1 DAVp03848r2007-06-14v2.25w2005-05-24yBK c432d432